000 00624nam a22002177a 4500
003 UA-OsUOA
001 116599
007 ta
008 20160324b un ||||| |||| 00| 0 ukr d
100 _aОлійник Н.
090 _a82
_bО-54
942 _cSA
040 _aUA-OsUOA
_bukr
_cUA-OsUOA
_dUA-OsUOA
245 _aКонцепція української держави в творчості Тараса Григовича Шевченка
300 _aС.30-34
955 _a0
041 _aukr
080 _a82
773 0 _w116597
650 7 _a82 Література. Літературознавство
_2UDC
999 _c402714
_d402714